Statistics for Countries in FIFA World Cup 1938

Click here to take the quiz!

General Stats

  • This quiz has been taken 23 times
  • The average score is 12 of 16

Answer Stats

RankCountry% Correct
Host (8th Place)France
100%
10th PlaceGermany
100%
3rd PlaceBrazil
95%
Champions (1st Place)Italy
95%
Withdrew (Anschluss)Austria
80%
13th PlaceBelgium
80%
14th PlaceNetherlands
80%
4th PlaceSweden
80%
6th PlaceSwitzerland
80%
Runners-UpHungary
75%
11th PlacePoland
70%
5th PlaceCzechoslovakia
65%
12th PlaceNorway
60%
9th PlaceRomania
50%
7th PlaceCuba
45%
15th PlaceDutch East Indies
25%

Score Distribution

Percentile by Number Answered

Percent of People with Each Score

Your Score History

You have not taken this quiz